Islamic Middle East (Record no. 10081)

MARC details
000 -LEADER
fixed length control field 00663nam a2200253 a 4500
020 ## - INTERNATIONAL STANDARD BOOK NUMBER
ISBN 1557867
082 00 - DEWEY DECIMAL CLASSIFICATION NUMBER
Classification number 297.0956
Author Cutter LIN
100 ## - MAIN ENTRY--AUTHOR NAME
Author name Lindholm, Charles
245 ## - TITLE STATEMENT
Title Islamic Middle East
Sub title an Historical Anthropology.
260 ## - PUBLICATION, DISTRIBUTION, ETC. (IMPRINT)
Place of publication Oxford
Name of publisher Blackwell Pub. Ltd
Year of publication 1996
300 ## - PHYSICAL DESCRIPTION
Number of Pages 324p.
500 ## - GENERAL NOTE
General note includes index and biblioraphy
505 2# - FORMATTED CONTENTS NOTE
Formatted contents note Index
650 ## - SUBJECT ADDED ENTRY--TOPICAL TERM
Topical Term Islam-Middle East
650 ## - SUBJECT ADDED ENTRY--TOPICAL TERM
Topical Term Islamic-Culture Middle East
942 ## - ADDED ENTRY ELEMENTS (KOHA)
Koha item type Books
700 1# -
-- Lindholm, Charles
Holdings
Collection code Home library Current library Date acquired Cost, normal purchase price Full call number Accession Number Koha item type
  Henry Martyn Institute Library Henry Martyn Institute Library 03/28/2008 15.00 297.0956 LIN 019311 Books
                   Copyright © 2026 | Henry Martyn Institute | Hyderabad | TS-500052 | INDIA | Implemented by hmi.edu.in
Hit-Count:

Powered by Koha